| 000 | 01379aam a2200349 i 4500 | ||
|---|---|---|---|
| 001 | on1425510280 | ||
| 003 | OCoLC | ||
| 005 | 20260105121110.0 | ||
| 008 | 240308s2023 xx ab 000 1 eng d | ||
| 040 |
_aCGD _beng _erda _cCGD _dOCLCO _dTnLvILS |
||
| 020 |
_a9798987789544 _q(hardcover) |
||
| 035 | _a(OCoLC)1425510280 | ||
| 082 | 0 | 4 |
_a813/.6 _223 |
| 049 | _aIG$A | ||
| 100 | 1 |
_aPenn, Blake, _eauthor. _96552169 |
|
| 245 | 1 | 0 |
_aDragon guard / _cBlake & Raven Penn. |
| 250 | _a1st edition. | ||
| 300 |
_a[Place publisher unknown] : _bGood Lux Creative _c2023. |
||
| 300 |
_a502 pages : _billustrations, maps ; _c23 cm. |
||
| 336 | _atext | ||
| 337 | _aunmediated | ||
| 338 | _avolume | ||
| 490 | 1 |
_aSkystone chronicles ; _vbook 2 |
|
| 520 | _aIn a realm where magi are outlawed, Meleya of Misthaven has spent a lifetime hiding her powers. With her parents locked up in Spydra Prison, Meleya has no choice but to pay off their sentence the only way she can: By serving as a soldier in the dragon guard. | ||
| 650 | 0 |
_aThieves _vFiction. _95674624 |
|
| 650 | 0 |
_aDragons _vFiction. _95673926 |
|
| 650 | 0 |
_aMagic _vFiction. _95673694 |
|
| 650 | 0 |
_aRevenge _vFiction. _95673795 |
|
| 655 | 7 |
_aFantasy fiction. _2lcgft |
|
| 700 | 1 |
_aPenn, Raven, _eauthor. _96552170 |
|
| 800 | 1 |
_aPenn, Blake. _tSkystone chronicles ; _vbk. 2. _96552171 |
|
| 999 |
_c414849 _d414849 |
||